| 000 | 00504nam a2200193Ia 4500 | ||
|---|---|---|---|
| 003 | LK-CoDNM | ||
| 005 | 20240417120039.0 | ||
| 008 | 010623t1953 xxu||||| |||| 00| 1 sin d | ||
| 040 |
_aLK-CoDNM _dLK-CoDNM _eLK-CoDNM |
||
| 041 | _asin | ||
| 080 | _aඡ1 | ||
| 100 | _aSenanayaka,G.B | ||
| 245 | _aදුප්පතුන් නැති ලෝකය | ||
| 246 | _aDuppatun Neti Lookaya | ||
| 260 |
_bMount Press _aMount leveniya _c1953 |
||
| 300 | _a121p.,21 cm | ||
| 650 | _aNovel | ||
| 942 | _cBK | ||
| 999 |
_c103133 _d103133 |
||